Statistics for Countries that Start with B

Click here to take the quiz!

General Stats

  • This quiz has been taken 851,050 times
    (607,598 since last reset)
  • The average score is 11 of 17

Answer Stats

Country% Correct
Brazil
90%
Belgium
80%
Bolivia
78%
Botswana
69%
Bangladesh
67%
Bahamas
66%
Bhutan
66%
Belize
65%
Belarus
65%
Bulgaria
65%
Barbados
64%
Bahrain
61%
Bosnia and Herzegovina
60%
Brunei
60%
Benin
58%
Burundi
58%
Burkina Faso
49%

Score Distribution

Percentile by Number Answered

Percent of People with Each Score

Your Score History

You have not taken this quiz since the last reset